| 000 | 00598nam a2200145 a 4500 | ||
|---|---|---|---|
| 008 | 071030s2000 ||||||||||||||||| || u | ||
| 050 | _aUNAIDS(02) | ||
| 110 | _aUNAIDS | ||
| 245 | 1 | 0 |
_aFemale sex worker HIV prevention projects: lessons learnt from Papua New Guinea, India and Bangladesh _cby UNAIDS |
| 260 |
_aGeneva: _bUNITED NATIONS _c2000 |
||
| 300 | _a127p.: ill. | ||
| 350 | _a0.00 | ||
| 650 | _aHIV PREVENTION--SEX WORKERS | ||
| 995 |
_D0.00 _FCBU-MAIN LIBRARY (Kitwe) _H1 _I0.00 _M1 _UAVAILABLE _WAug 28, 2008 _ZInternational Publications |
||
| 999 |
_c43213 _d43213 |
||